Municipios de Toledo en un mapa - Estadísticas

Estadísticas generales
  • Esta prueba ha sido intentada 1.422 veces
    1.383 desde el último reinicio
  • La puntuación promedio es 63 de 204
Respuestas en el mapa
Las respuestas están codificadas por una escala verde-roja en el mapa de la prueba según el % correcto abajo.
 
Estadísticas de respuestas
Municipio % Correcto
Toledo
94%
Talavera de la Reina
90%
Illescas
84%
Ocaña
70%
Cebolla
68%
Torrijos
68%
Seseña
67%
Bargas
65%
Pepino
64%
Consuegra
63%
Yuncos
62%
Los Yébenes
61%
Oropesa
61%
Mora
58%
Olías del Rey
58%
Yepes
58%
La Puebla de Montalbán
56%
Sonseca
55%
Madridejos
54%
Argés
53%
Tembleque
53%
Quintanar de la Orden
52%
Yuncler
52%
Escalona
51%
Fuensalida
51%
Orgaz
51%
Cobisa
50%
Yeles
49%
Nambroca
48%
Polán
48%
Yunclillos
48%
Mocejón
47%
Añover de Tajo
45%
Borox
44%
Magán
44%
Maqueda
44%
Recas
43%
Cabañas de la Sagra
42%
El Toboso
42%
Guadamur
42%
Urda
42%
Ajofrín
41%
Almorox
41%
Corral de Almaguer
41%
Esquivias
41%
Villacañas
41%
Numancia de la Sagra
40%
Valmojado
40%
Alameda de la Sagra
39%
Calera y Chozas
39%
Cazalegas
39%
Méntrida
39%
Ontígola
39%
Villaseca de la Sagra
39%
Pantoja
38%
Burguillos de Toledo
37%
Camarena
37%
Casarrubios del Monte
37%
Los Navalucillos
37%
Villasequilla
37%
Almonacid de Toledo
36%
Burujón
36%
Carranque
36%
Gálvez
36%
La Guardia
36%
Lillo
36%
Noblejas
36%
Turleque
36%
Escalonilla
35%
Lominchar
35%
Mazarambroz
34%
Menasalbas
34%
Navahermosa
34%
Ugena
34%
Villafranca de los Caballeros
34%
Camuñas
33%
Dosbarrios
33%
Gerindote
33%
Layos
33%
Pulgar
33%
Quismondo
33%
San Pablo de los Montes
33%
Santa Olalla
33%
Villaluenga de la Sagra
33%
Carmena
32%
Huerta de Valdecarábanos
32%
Illán de Vacas
32%
La Puebla de Almoradiel
32%
Miguel Esteban
32%
Noez
32%
Santa Cruz de la Zarza
32%
Chozas de Canales
31%
Cobeja
31%
Navalcán
31%
Novés
31%
Quero
31%
Cedillo del Condado
30%
Las Ventas de Retamosa
30%
Malpica de Tajo
30%
San Martín de Pusa
30%
Cabañas de Yepes
29%
Calzada de Oropesa
29%
Camarenilla
29%
El Viso de San Juan
29%
Los Navalmorales
29%
Villarrubia de Santiago
29%
Ciruelos
28%
Lagartera
28%
Villatobas
28%
Barcience
27%
Cuerva
27%
La Pueblanueva
27%
Nombela
27%
Palomeque
27%
San Martín de Montalbán
27%
Santa Cruz del Retamar
27%
La Villa de Don Fadrique
26%
Totanés
26%
Velada
26%
Albarreal de Tajo
25%
Belvís de la Jara
25%
Cabezamesada
24%
Chueca
24%
El Casar de Escalona
24%
Las Ventas con Peña Aguilera
24%
La Torre de Esteban Hambrán
24%
Manzaneque
24%
Torrico
24%
Alcaudete de la Jara
23%
Arcicóllar
23%
El Carpio de Tajo
23%
Mascaraque
23%
Portillo de Toledo
23%
Puerto de San Vicente
23%
Segurilla
23%
Hontanar
22%
Las Ventas de San Julián
22%
Mejorada
22%
San Román de los Montes
22%
Domingo Pérez
21%
El Romeral
21%
La Estrella
21%
La Nava de Ricomalillo
21%
Santa Ana de Pusa
21%
Villamiel de Toledo
21%
El Campillo de la Jara
20%
El Real de San Vicente
20%
Erustes
20%
Hormigos
20%
Huecas
20%
Navamorcuende
20%
Alcolea de Tajo
19%
Casasbuenas
19%
Lucillos
19%
Alcabón
18%
Otero
18%
Rielves
18%
Sevilleja de la Jara
18%
Aldeanueva de San Bartolomé
17%
Pelahustán
17%
Torralba de Oropesa
17%
Azután
16%
Castillo de Bayuela
16%
Garciotum
16%
La Mata
16%
Marjaliza
16%
Montearagón
16%
Parrillas
16%
Las Herencias
15%
Paredes de Escalona
15%
San Bartolomé de las Abiertas
15%
Villaminaya
15%
Villamuelas
15%
Villanueva de Alcardete
15%
Herreruela de Oropesa
14%
La Iglesuela del Tiétar
14%
Los Cerralbos
14%
Mohedas de la Jara
14%
Montesclaros
14%
Robledo del Mazo
14%
Santo Domingo-Caudilla
14%
Valdeverdeja
14%
Villanueva de Bogas
14%
Alcañizo
13%
Aldeanueva de Barbarroya
13%
Espinoso del Rey
13%
Hinojosa de San Vicente
13%
Mesegar de Tajo
13%
Nuño Gómez
13%
Torrecilla de la Jara
13%
Cardiel de los Montes
12%
Cervera de los Montes
12%
Caleruela
11%
Marrupe
11%
Navalmoralejo
11%
Villarejo de Montalbán
11%
Aldea en Cabo
10%
Almendral de la Cañada
10%
Buenaventura
10%
Carriches
10%
La Puente del Arzobispo
10%
Retamoso de la Jara
10%
Sartajada
10%
Sotillo de las Palomas
9%
No se encontraron pruebas coincidentes
Distribución de puntuación
Porcentaje de gente con cada puntuación
Porcentaje por número respondido
Historial de tus puntuaciones
No has intentado esta prueba desde el último reinicio